000 00293nam a22001457a 4500
020 _a81-264-1232-1
082 _a894.812.1
_bTAG/G
100 _aTAGOR
245 _aGEETHANJALI
260 _aKOTTAYAM
_bDC BOOKS
_c2006
300 _a179
520 _aPOETRY
650 _aPOETRY
942 _cBK
999 _c4510
_d4510